Catalog

Record Details

Catalog Search



The word among us : contextualizing theology for mission today Cover Image Book Book

The word among us : contextualizing theology for mission today Dean S. Gilliland

Gilliland, Dean S. (Author).

Record details

  • ISBN: 1-57910-871-7
  • Physical Description: 344 p.
  • Publisher: Eugene, Oregon Wipf and Stock Publishers 2002

Available copies

  • 1 of 1 copy available at Common Catalog SPOK.

Holds

  • 0 current holds with 1 total copy.
Show Only Available Copies
Location Call Number / Copy Notes Barcode Shelving Location Status Due Date
ETS Library 266.001 424470006212 Volný výběr Available -

LDR 00721nam a2 00241
00132582
003CZ-PrJAB
00520031203000000.0
008031202s2002 xxu e |||| |eng
009us
020 . ‡a1-57910-871-7
035 . ‡a(CONS)10207
035 . ‡aKPS12037
040 . ‡aABG450
041 . ‡aeng
08214. ‡a266.001
100 . ‡75932 ‡aGilliland, Dean S.
245 . ‡aThe word among us : ‡bcontextualizing theology for mission today ‡cDean S. Gilliland
260 . ‡aEugene, Oregon ‡bWipf and Stock Publishers ‡c2002
300 . ‡a344 p.
653 . ‡aThe word among us ‡acontextualizing theology for mission today
8524 . ‡bETS ‡bETS ‡cVolný výběr ‡j266.001 ‡gA ‡p424470006212
910 . ‡aABG450
999 . ‡a10207 ‡bAUTOGEN ‡c10207 ‡tbiblio
905 . ‡uadmin
901 . ‡a32582 ‡b ‡c32582 ‡tbiblio ‡sets

Additional Resources